Advanced accounts (Record no. 3791)

000 -LEADER
fixed length control field 00583nam a22002291 4500
001 - CONTROL NUMBER
control field 3791
003 - CONTROL NUMBER IDENTIFIER
control field BD-DhUET
008 - FIXED-LENGTH DATA ELEMENTS--GENERAL INFORMATION
fixed length control field 740123s1966 ii k 000 0 eng
020 ## - INTERNATIONAL STANDARD BOOK NUMBER
International Standard Book Number 8121902789
040 ## - CATALOGING SOURCE
Original cataloging agency DLC
Transcribing agency DLC
Modifying agency BD-DhUET
082 00 - DEWEY DECIMAL CLASSIFICATION NUMBER
Classification number 657
Item number SHU/1999
100 1# - MAIN ENTRY--PERSONAL NAME
Personal name Shukla, M. C.
245 10 - TITLE STATEMENT
Title Advanced accounts
Statement of responsibility, etc. by M. C. Shukla and T. S. Grewal
250 ## - EDITION STATEMENT
Edition statement 14th ed.
260 ## - PUBLICATION, DISTRIBUTION, ETC. (IMPRINT)
Place of publication, distribution, etc. New Delhi
Name of publisher, distributor, etc. S, chand
Date of publication, distribution, etc. 1999
300 ## - PHYSICAL DESCRIPTION
Extent v.p.
Other physical details ill.
Dimensions 25 cm.
504 ## - BIBLIOGRAPHY, ETC. NOTE
Bibliography, etc Includes bibliographies
650 #0 - SUBJECT ADDED ENTRY--TOPICAL TERM
Topical term or geographic name as entry element Accounting
700 ## - ADDED ENTRY--PERSONAL NAME
Personal name Grewal, T. S.
700 ## - ADDED ENTRY--PERSONAL NAME
Personal name Gupta, S. C.
942 ## - ADDED ENTRY ELEMENTS (KOHA)
Koha item type General Book
Holdings
Source of classification or shelving scheme Price effective from Piece designation (barcode) Koha date last seen Koha full call number Copy number Sublocation or collection (holding branch) Withdrawn status Koha item type Koha normalized classification for sorting Location (home branch) Lost status Shelving location Not for loan Date acquired Damaged status
 2014-11-05936562014-11-05657/SHU/19991Central Library, BUET General Book657SHU1999Central Library, BUET Circulation section 2014-11-05 
 2014-11-05936572014-11-05657/SHU/19992Central Library, BUET General Book657SHU1999Central Library, BUET Circulation section 2014-11-05 
 2014-11-05936582014-11-05657/SHU/19993Central Library, BUET General Book657SHU1999Central Library, BUET Circulation section 2014-11-05 
 2014-11-05936592014-11-05657/SHU/19994Central Library, BUET General Book657SHU1999Central Library, BUET Circulation section 2014-11-05 
 2014-11-05936602014-11-05657/SHU/19995Central Library, BUET General Book657SHU1999Central Library, BUET Circulation section 2014-11-05 
 2014-11-05936612014-11-05657/SHU/19996Central Library, BUET General Book657_000000000000000_SHU_1999Central Library, BUET Circulation section 2014-11-05 
 2014-11-05936622014-11-05657/SHU/19997Central Library, BUET General Book657SHU1999Central Library, BUET Circulation section 2014-11-05 
 2014-11-05936552014-11-05657/SHU/19998Central Library, BUET General Book657_000000000000000_SHU_1999Central Library, BUET Circulation section 2014-11-05 
 2015-06-20936542015-06-20657/SHU/19999Central Library, BUET Reading Item657_000000000000000_SHU_1999Central Library, BUET Reading section 2015-06-20 
 2015-06-20936532015-06-20657/SHU/199910Central Library, BUET Reading Item657_000000000000000_SHU_1999Central Library, BUET Reading section 2015-06-20